| 000 | 00680nam a2200241Ia 4500 | ||
|---|---|---|---|
| 003 | OSt | ||
| 005 | 20220924131014.0 | ||
| 006 | a|||||r|||| 00| 0 | ||
| 007 | ta | ||
| 008 | 220923b |||||||| |||| 00| 0 hin d | ||
| 024 | _a42582 | ||
| 037 | _cTextual | ||
| 040 |
_aARTS _cARTS _bhin |
||
| 041 |
_2hin _ahin |
||
| 082 | _aO15,2D40,1, 152L9 | ||
| 100 | _aKalidasa | ||
| 245 | 0 | _aAbhijanan Shakuntalam with the Sanskrit comm by Vav Kishore Sastri tr by Ramtej Pandey | |
| 260 |
_aVaranasi _bC S S _c1979 |
||
| 300 |
_a644p. _ccm. |
||
| 650 | _aENGLISH LITERATURE | ||
| 942 |
_hO15,2D40,1, 152L9 _cTEXL _2CC |
||
| 999 |
_c425991 _d425991 |
||